Marketing your services : for people who hate to sell.
| Main Author: | |
|---|---|
| Format: | Book |
| Published: |
New York:
McGraw Hill,
2003.
|
| Subjects: |
| LEADER | 00429cam a2200145 7i4500 | ||
|---|---|---|---|
| 001 | 0000016603 | ||
| 005 | 20051215090000.0 | ||
| 020 | 0 | 0 | |a 0-07-139871-6 |
| 090 | 0 | 0 | |a B 658.8 |b CRA |
| 100 | 1 | 0 | |a Crandall |
| 245 | 1 | 0 | |a Marketing your services : |b for people who hate to sell. |
| 260 | 0 | 0 | |a New York: |b McGraw Hill, |c 2003. |
| 300 | # | # | |a 382 p. |
| 650 | 0 | 0 | |a Service industries -- |x Marketing |
| 999 | |a B000017863 |b Book |c Book |e Business Information Centre | ||


